LEADER 05546oam 2200529 450 001 9910735384903321 005 20190911103509.0 010 $a1-4302-6074-2 024 7 $a10.1007/978-1-4302-6074-5 035 $a(OCoLC)870509112 035 $a(MiFhGG)GVRL6VSM 035 $a(EXLCZ)993710000000018998 100 $a20140514d2013 uy 0 101 0 $aeng 135 $aurun|---uuuua 181 $ctxt 182 $cc 183 $acr 200 10$aPractical Ext JS 4 /$fPrabhu Sunderaraman 205 $a1st ed. 2013. 210 1$aNew York :$cApress,$d2013. 215 $a1 online resource (xx, 211 pages) $cillustrations (some color) 225 0 $aThe expert's voice in web development Practical Ext JS 4 300 $a"Use the Ext JS framework to create powerful rich Internet applications"--Cover. 300 $aIncludes index. 311 $a1-4302-6073-4 327 $a""Contents at a Glance""; ""Contents""; ""About the Author""; ""About the Technical Reviewer""; ""Acknowledgments""; ""Introduction""; ""Chapter 1: Core JavaScript and JavaScript Frameworks""; ""JavaScript Frameworks""; ""JavaScript Language Features""; ""The Arguments Keyword""; ""Use of Arguments in Ext JS 4""; ""Functions""; ""Use of Higher-Order Functions in Ext JS 4""; ""Classes in JavaScript""; ""Use of Classes in Ext JS 4""; ""JSON""; ""Use of JSON in Ext JS 4""; ""Summary""; ""Chapter 2: Overview of Ext JS 4""; ""Downloading Ext JS 4""; ""Getting Started With Ext JS 4"" 327 $a""IDE for Ext JS 4 Development""""Hello World With Ext JS 4""; ""Summary""; ""Chapter 3: Understanding the Ext JS 4 API""; ""Structure of the API""; ""Classes and Objects""; ""Constructor""; ""Property""; ""Config""; ""Methods""; ""Static Members""; ""Inheritance""; ""Mixins""; ""Alias""; ""Singleton""; ""Loading Dependencies""; ""Ext.Class""; ""The Ext JS 4 API""; ""Summary""; ""Chapter 4: Controls and Layout""; ""Ext.Component""; ""Configuration attributes of Ext.Component""; ""id""; ""itemId""; ""autoEl""; ""listeners""; ""renderTo""; ""hidden, disabled""; ""tpl, data"" 327 $a""Methods in Ext.Component""""up""; ""enable, disable""; ""show, hide""; ""destroy""; ""on, un""; ""addEvents, fireEvent""; ""Events in Ext.Component""; ""xtype""; ""Ext.container.Container""; ""Configuration Attributes of Ext.container.Container""; ""items""; ""layout""; ""defaults""; ""Some Methods in Container class.Methods of Ext.container.Container""; ""add""; ""doLayout""; ""down""; ""remove""; ""Events of Ext.container.Container""; ""Container Controls""; ""Ext.panel.Panel""; ""Ext.window.Window""; ""Ext.menu.Menu""; ""Ext.tab.Panel""; ""Ext.form.Panel""; ""Ext.toolbar.Toolbar"" 327 $a""Ext.toolbar.TextItem (tbtext)""""Ext.toolbar.Separator (tbseparator)""; ""Ext.toolbar.Spacer (tbspacer)""; ""Ext.toolbar.Fill (tbfill)""; ""Ext.toolbar.Paging (pagingtoolbar)""; ""Ext.container.Viewport""; ""Layout Controls""; ""Auto Layout""; ""Fit Layout""; ""Anchor Layout""; ""Box Layout""; ""Accordion Layout""; ""Table Layout""; ""Column Layout""; ""Border Layout""; ""Card Layout""; ""Summary""; ""Chapter 5: Working with Data""; ""Ext.data package""; ""Ext.data.Connection, Ext.data.Request""; ""Ext.data.Model""; ""Ext.data.Field""; ""Ext.data.validations"" 327 $a""Ext.data.association.Association""""Ext.data.Store""; ""Events in Store""; ""Ext.data.Reader""; ""Ext.data.proxy.Proxy""; ""Ajax Proxy""; ""REST proxy""; ""Ext.data.Writer""; ""JsonP Proxy""; ""LocalStorage and SessionStorage""; ""Summary""; ""Chapter 6: Data Controls""; ""Ext.XTemplate""; ""ComboBox""; ""editable""; ""typeAhead, typeAheadDelay""; ""multiSelect, delimiter""; ""queryMode, queryDelay, queryCaching""; ""bindStore""; ""collapse, expand""; ""findRecord, findRecordByDisplay, findRecordByValue""; ""select""; ""change""; ""Grid""; ""Grid Columns""; ""Grid Plugins"" 327 $a""Ext.grid.plugin.Editing"" 330 $aPractical Ext JS 4 will get you up and running, using Ext JS 4.2 for your projects, as quickly as possible. After a quick refresher on some JavaScript basics, you will get to grips with Ext JS 4?s OO concepts (such as mixins) and familiarize yourself with its UI components and layout. You'll learn all the core features of the Ext JS framework, such as its MVC architecture, theming and styling your applications, and displaying data through components such as grids, trees, and charts. You'll use the Ext JS components and create an entire application from scratch by following the many practical examples. Finally, you'll learn about unit testing and packaging to build and deploy better applications.     Provides you with a solid knowledge of the building blocks of Ext JS 4 Takes you through developing applications using the MVC architecture Demonstrates extending the UI with custom components and plugins Shows you how to unit test Ext JS 4 applications with Jasmine and deploy them with Sencha Cmd Completely up-to-date for the latest Ext JS 4.2. 410 0$aExpert's voice in Web development. 606 $aJavaScript (Computer program language) 606 $aApplication software$xDevelopment 615 0$aJavaScript (Computer program language) 615 0$aApplication software$xDevelopment. 676 $a004 676 $a006.76 700 $aSunderaraman$b Prabhu$4aut$4http://id.loc.gov/vocabulary/relators/aut$01377127 801 0$bMiFhGG 801 1$bMiFhGG 906 $aBOOK 912 $a9910735384903321 996 $aPractical Ext JS 4$93413753 997 $aUNINA LEADER 01756nas 2200409 n 450 001 990008919340403321 005 20240229084344.0 011 $a8756-7938 035 $a000891934 035 $aFED01000891934 035 $a(Aleph)000891934FED01 035 $a000891934 091 $2CNR$aP 00063608 100 $a20161109a19859999km-y0itaa50------ba 101 0 $aeng 102 $aUS 110 $aauu-------- 200 1 $aBiotechnology progress$ea journal of food, pharmaceutical and bioengineering 207 1$a1985- 210 $aNew York$cAmerican Institute of Chemical Engineers 326 $aBimestrale 452 0$12001$aBiotechnology progress (Online) 530 0 $aBiotechnology progress 675 $a615 675 $a663 676 $a660.605 712 02$aAmerican Institute of Chemical Engineers 801 0$aIT$bACNP$c20090723 859 4 $uhttp://acnp.cib.unibo.it/cgi-ser/start/it/cnr/dc-p1.tcl?catno=42261&person=false&language=ITALIANO&libr=&libr_th=unina1$zBiblioteche che possiedono il periodico 901 $aSE 912 $a990008919340403321 958 $aBiblioteca L.Massimilla. Dipartimento di Ingegneria Chimica dell'Universitą degli Studi di Napoli Federico II.$b1985-$c1995;1998;$eArm.4$fDINCH 959 $aDINCH 996 $aBiotechnology progress$9799287 997 $aUNINA AP1 8 $6866-01$aNA109 Biblioteca L.Massimilla. Dipartimento di Ingegneria Chimica dell'Universitą degli Studi di Napoli Federico II.$bArm.4$eP.le Tecchio, 80, 80125 Napoli (NA)$m0817682592 0817682255$m0812391800$nit AP2 40$aacnp.cib.unibo.it$nACNP Italian Union Catalogue of Serials$uhttp://acnp.cib.unibo.it/cgi-ser/start/it/cnr/df-p.tcl?catno=42261&language=ITALIANO&libr=&person=&B=1&libr_th=unina&proposto=NO LEADER 04626oam 2200901I 450 001 9910456274403321 005 20250807154601.0 010 $a9786612576546 010 $a9781135244590 010 $a1135244596 010 $a9781135244606 010 $a113524460X 010 $a9781282576544 010 $a1282576542 010 $a9780203868348 010 $a020386834X 024 7 $a10.4324/9780203868348 035 $a(CKB)2550000000005274 035 $a(EBL)472509 035 $a(OCoLC)609850625 035 $a(SSID)ssj0000358833 035 $a(PQKBManifestationID)11260061 035 $a(PQKBTitleCode)TC0000358833 035 $a(PQKBWorkID)10381028 035 $a(PQKB)10917681 035 $a(MiAaPQ)EBC472509 035 $a(Au-PeEL)EBL472509 035 $a(CaPaEBR)ebr10370092 035 $a(CaONFJC)MIL257654 035 $a(OCoLC)610216438 035 $a(ScCtBLL)5f7c351f-0c5d-48da-88ee-c9d640cff8e9 035 $a(oapen)https://directory.doabooks.org/handle/20.500.12854/64390 035 $a(PPN)255239076 035 $a(ODN)ODN0004077803 035 $a(oapen)doab64390 035 $a(EXLCZ)992550000000005274 100 $a20180706d2010 uy 0 101 0 $aeng 135 $aur|n|---||||| 181 $ctxt 182 $cc 183 $acr 200 00$aDevelopment, sexual rights and global governance /$fedited by Amy Lind 205 $a1 ed. 210 $d2010 210 1$aLondon ;$aNew York :$cRoutledge,$d2010. 215 $a1 online resource (230 p.) 225 1 $aRIPE series in global political economy ;$v29 300 $aDescription based upon print version of record. 311 08$a0-415-77607-4 311 08$a0-415-59262-3 320 $aIncludes bibliographical references and index. 327 $aBook Cover; Title; Copyright; Contents; Contributors; Acknowledgements; Abbreviations; Introduction: Development, global governance, and sexual subjectivities; Part I Querying/queering development: Theories, representations, strategies; 1 Why the development industry should get over its obsession with bad sex and start to think about pleasure; 2 Transgendering development: Reframing hijras and development; 3 Querying feminist economics' straight path to development: Household models reconsidered; Part II Negotiating heteronormativity in development institutions 327 $a4 The World Bank's GLOBE: Queers in/queering development5 NGOs as erotic sites; 6 Promoting exports, restructuring love: The World Bank and the Ecuadorian flower industry; 7 "Headless families" and "detoured men": Off the straight path of modern development in Bolivia; Part III Resisting global hegemonies, struggling for sexual rights and gender justice; 8 Spelling it out: From alphabet soup to sexual rights and gender justice; 9 Disrupting gender normativity in the Middle East: Supporting gender transgression as a development strategy 327 $a10 Behind the Mask: Developing LGBTI visibility in Africa11 Queer Dominican moves: In the interstices of colonial legacies and global impulses; Bibliography; Index 330 $aThis book addresses how sexual practices and identities are imagined and regulated through development discourses and within institutions of global governance. The underlying premise of this volume is that the global development industry plays a central role in constructing people's sexual lives, access to citizenship, and struggles for livelihood. Despite the industry's persistent insistence on viewing sexuality as basically outside the realm of economic modernization and anti-poverty programs, this volume brings to the fore heterosexual bias within macroeconomic and human ri 410 0$aRIPE series in global political economy ;$v29. 606 $aGay rights$xEconomic aspects 606 $aEconomic development$xSocial aspects 606 $aEconomic development$xPolitical aspects 606 $aGlobalization$xSocial aspects 606 $aSexual rights$xEconomic aspects 615 0$aGay rights$xEconomic aspects. 615 0$aEconomic development$xSocial aspects. 615 0$aEconomic development$xPolitical aspects. 615 0$aGlobalization$xSocial aspects. 615 0$aSexual rights$xEconomic aspects. 676 $a305.3 676 $a306.7 686 $aBUS068000$aPOL000000$aPOL011000$2bisacsh 700 $aLind$b Amy$4auth$0912750 701 $aLind$b Amy$0912750 801 0$bFlBoTFG 801 1$bFlBoTFG 906 $aBOOK 912 $a9910456274403321 996 $aDevelopment, sexual rights and global governance$92044086 997 $aUNINA